[Event "SVK-chT 2324"]
[Site "Slovakia"]
[Date "2023.11.04"]
[Round "1.5"]
[White "Jurcik, Marian"]
[Black "Elias, David"]
[Result "1-0"]
[WhiteElo "2400"]
[BlackElo "2308"]
[PlyCount "61"]
[EventDate "2023.11.04"]
[EventType "team-tourn"]
[EventRounds "11"]
[EventCountry "SVK"]
[SourceTitle "Mega2024 Update 01"]
[Source "Chessbase"]
[SourceDate "2023.11.12"]
[SourceVersion "1"]
[SourceVersionDate "2023.11.12"]
[SourceQuality "1"]
[WhiteTeam "Cadca Caissa"]
[BlackTeam "Humenne Reinter"]
[WhiteTeamCountry "SVK"]
[BlackTeamCountry "SVK"]

1. c4 c5 2. Nf3 Nc6 3. d4 cxd4 4. Nxd4 Nf6 5. Nc3 d5 6. cxd5 Nxd5 7. Nxc6 bxc6 8. Bd2 e5 9. Qa4 Bb7 10. Nxd5 Qxd5 11. Bc3 Bc5 12. e3 Rd8 13. Rd1 Qxd1+ 14. Qxd1 Rxd1+ 15. Kxd1 f6 16. Bd3 Ke7 17. h4 Bc8 18. Ke2 Be6 19. b3 h6 20. Rc1 Bd6 21. Bd2 Kd7 22. e4 Bc7 23. Bc4 Bg4+ 24. f3 Bh5 25. Rd1 Kc8 26. Be3 Kb7 27. Rd7 g5 28. Bc5 gxh4 29. Bd6 Rc8 30. Be6 Kb6 31. Rh7 1-0

[Event "Bratislava exe op"]
[Site "Bratislava"]
[Date "2023.09.20"]
[Round "6"]
[White "Sokolovsky, Jakub"]
[Black "Elias, David"]
[Result "0-1"]
[WhiteElo "1927"]
[BlackElo "2256"]
[PlyCount "140"]
[EventDate "2023.09.15"]
[EventType "swiss"]
[EventRounds "9"]
[EventCountry "SVK"]
[SourceTitle "EXT 2024"]
[Source "ChessBase"]
[SourceDate "2023.10.10"]
[SourceVersion "1"]
[SourceVersionDate "2023.10.10"]
[SourceQuality "1"]

1. e4 c5 2. Nf3 Nc6 3. d4 cxd4 4. Nxd4 d6 5. Nc3 e5 6. Ndb5 a6 7. Na3 Be6 8. Nc4 Rb8 9. a4 Nb4 10. Ne3 Nf6 11. Be2 Be7 12. 0-0 0-0 13. Ncd5 Nbxd5 14. exd5 Bd7 15. a5 Ne8 16. Nc4 f5 17. f4 e4 18. Be3 Bb5 19. Nb6 Bxe2 20. Qxe2 Nf6 21. c4 Ng4 22. b4 g5 23. g3 Bf6 24. Rac1 gxf4 25. gxf4 Kh8 26. Kh1 Rf7 27. c5 Rc7 28. cxd6 Rxc1 29. Rxc1 Qxd6 30. h3 Nxe3 31. Qxe3 Qxb4 32. Rc4 Qb2 33. Qc1 Qxc1+ 34. Rxc1 Bd4 35. Nc8 Be3 36. d6 Bxf4 37. d7 Bg5 38. Rc5 Kg7 39. Rxf5 Bd8 40. Re5 Kf6 41. Rxe4 Bxa5 42. Re8 Bc7 43. Nd6 Rd8 44. Rxd8 Bxd8 45. Nxb7 Ke7 46. Nc5 a5 47. Kg2 Bb6 48. Na4 Ba7 49. Kf3 Kxd7 50. Ke4 Kc6 51. Nc3 Kc5 52. Kd3 Kb4 53. Kc2 Kc4 54. Ne4 Be3 55. Kb2 Kd3 56. Nd6 Ke2 57. Kb3 Bd2 58. h4 Kf3 59. Ne8 Kf4 60. Nf6 h6 61. Ka4 Kf5 62. Ng8 h5 63. Ne7+ Kg4 64. Ng6 Be1 65. Ne5+ Kf5 66. Nd7 Bc3 67. Nc5 Kg4 68. Ne4 Be1 69. Ng5 Bxh4 70. Ne4 Bd8 0-1

[Event "Bratislava exe op"]
[Site "Bratislava"]
[Date "2023.09.17"]
[Round "3"]
[White "Elias, David"]
[Black "Hamitevici, Vladimir"]
[Result "0-1"]
[WhiteElo "2256"]
[BlackElo "2483"]
[PlyCount "140"]
[EventDate "2023.09.15"]
[EventType "swiss"]
[EventRounds "9"]
[EventCountry "SVK"]
[SourceTitle "EXT 2024"]
[Source "ChessBase"]
[SourceDate "2023.10.10"]
[SourceVersion "1"]
[SourceVersionDate "2023.10.10"]
[SourceQuality "1"]

1. Nf3 d5 2. g3 g6 3. Bg2 Bg7 4. d4 Nf6 5. 0-0 0-0 6. c4 c6 7. b3 Bf5 8. Bb2 Nbd7 9. Nc3 Ne4 10. Nh4 Nxc3 11. Bxc3 Be6 12. Qd3 dxc4 13. bxc4 Nb6 14. c5 Bc4 15. Qc2 Nd5 16. Ba5 Qxa5 17. Qxc4 Rfd8 18. Rfc1 b5 19. cxb6 Nxb6 20. Qb3 Rxd4 21. Bxc6 Rad8 22. a3 Rxh4 23. gxh4 Bxa1 24. Rxa1 Qh5 25. Rd1 Rxd1+ 26. Qxd1 Qxh4 27. Bg2 Qg5 28. Qd8+ Kg7 29. Qc7 Qf6 30. Qxa7 Qa1+ 31. Bf1 Nc4 32. e3 e5 33. Qa6 Nxa3 34. Qd3 Qb2 35. Qd5 Qc3 36. Bd3 Qc7 37. Kg2 h5 38. h3 Kh6 39. Kg1 f5 40. Kg2 e4 41. Bb5 Nc2 42. Qc6 Ne1+ 43. Kf1 Qxc6 44. Bxc6 Nf3 45. Kg2 Kg5 46. Be8 h4 47. Bc6 Nd2 48. Bb5 Kf6 49. Be8 g5 50. Bd7 Ke5 51. Bc8 f4 52. Bb7 Nc4 53. Ba6 Nd6 54. Kf1 Kd5 55. exf4 gxf4 56. Ke1 Kd4 57. Ke2 f3+ 58. Kd2 Ke5 59. Ke3 Nf5+ 60. Kd2 Kf4 61. Ke1 e3 62. fxe3+ Nxe3 63. Kf2 Nd1+ 64. Ke1 Nc3 65. Kf2 Ne4+ 66. Kg1 Kg3 67. Bd3 Nf2 68. Bf5 Nxh3+ 69. Kh1 Nf2+ 70. Kg1 h3 0-1

[Event "World ol U16"]
[Site "Eindhoven"]
[Date "2023.08.18"]
[Round "9.15"]
[White "Manon, Reja Neer"]
[Black "Elias, David"]
[Result "1-0"]
[WhiteElo "2227"]
[BlackElo "2256"]
[PlyCount "99"]
[EventDate "2023.08.13"]
[EventType "team-swiss"]
[EventRounds "9"]
[EventCountry "NED"]
[SourceTitle "CBM 215 Extra"]
[Source "ChessBase"]
[SourceDate "2023.09.30"]
[SourceVersion "1"]
[SourceVersionDate "2023.09.30"]
[SourceQuality "1"]
[WhiteTeam "Bangladesh"]
[BlackTeam "Slovakia"]
[WhiteTeamCountry "BAN"]
[BlackTeamCountry "SVK"]

1. e4 c5 2. Nf3 Nc6 3. d4 cxd4 4. Nxd4 e5 5. Nb5 d6 6. c4 g6 7. N1c3 a6 8. Na3 Bg7 9. Nc2 Nf6 10. Bg5 h6 11. Bxf6 Bxf6 12. Qd3 Be6 13. g3 Rc8 14. Nd5 Bxd5 15. cxd5 Nd4 16. Nxd4 exd4 17. Bh3 Rc5 18. 0-0 Qc7 19. Qd2 Rc2 20. Qd3 0-0 21. Rab1 Re8 22. Bg4 Bg7 23. Bd1 Rc5 24. Bb3 b5 25. f4 Qd7 26. Rbe1 Kh7 27. Re2 a5 28. a3 a4 29. Ba2 Qc7 30. Kg2 Kh8 31. Rfe1 Re7 32. h3 Qb8 33. h4 b4 34. axb4 Qxb4 35. e5 Rc8 36. e6 f5 37. h5 gxh5 38. Qxf5 Rf8 39. Qd3 h4 40. Bb1 Bf6 41. Qg6 Qb3 42. Qxh6+ Kg8 43. gxh4 Qxd5+ 44. Be4 Qb3 45. Bg6 Rg7 46. e7 Bxe7 47. Rxe7 Qc2+ 48. Kh1 Qxg6 49. Rxg7+ Qxg7 50. Rg1 1-0

[Event "SVK-ch U20"]
[Site "Dudince"]
[Date "2023.04.16"]
[Round "1"]
[White "Libich, Simon"]
[Black "Elias, David"]
[Result "1-0"]
[WhiteElo "1672"]
[BlackElo "2180"]
[PlyCount "85"]
[EventDate "2023.04.16"]
[EventType "tourn"]
[EventRounds "9"]
[EventCountry "SVK"]
[SourceTitle "CBM 213 Extra"]
[Source "ChessBase"]
[SourceDate "2023.05.31"]
[SourceVersion "1"]
[SourceVersionDate "2023.05.31"]
[SourceQuality "1"]

1. e4 c5 2. Nf3 g6 3. d4 cxd4 4. Nxd4 Bg7 5. c4 Nc6 6. Be3 Nf6 7. Nc3 d6 8. f3 Bd7 9. Qd2 0-0 10. Rc1 Qa5 11. b3 a6 12. Nxc6 Bxc6 13. Nd5 Qxd2+ 14. Kxd2 Bxd5 15. cxd5 Rac8 16. Bc4 Nd7 17. Rc2 b5 18. Be2 Rxc2+ 19. Kxc2 Rc8+ 20. Kb1 Rc3 21. Bd2 Rc7 22. Ba5 Rc8 23. Rc1 Rxc1+ 24. Kxc1 f5 25. exf5 gxf5 26. Bd3 f4 27. Kc2 Be5 28. Bd2 Kg7 29. a4 bxa4 30. bxa4 Nb6 31. a5 Nxd5 32. Bxa6 Bd4 33. Kd3 e5 34. Bb7 Nc7 35. Bb4 Kf6 36. Bxd6 Nb5 37. Bb4 Ke6 38. a6 h5 39. Kc4 Nd6+ 40. Kb3 h4 41. h3 Kd7 42. Bc3 Bxc3 43. a7 1-0

[Event "SVK-chT U18"]
[Site "Radava"]
[Date "2022.11.24"]
[Round "6.1"]
[White "Turcan, Richard"]
[Black "Elias, David"]
[Result "1-0"]
[WhiteElo "2360"]
[BlackElo "2008"]
[PlyCount "89"]
[EventDate "2022.11.21"]
[EventType "team-swiss"]
[EventRounds "7"]
[EventCountry "SVK"]
[SourceTitle "CBM 211 Extra"]
[Source "ChessBase"]
[SourceDate "2023.01.31"]
[SourceVersion "1"]
[SourceVersionDate "2023.01.31"]
[SourceQuality "1"]
[WhiteTeam "Banska Bystrica Junior"]
[BlackTeam "Humenne Reinter"]
[WhiteTeamCountry "SVK"]
[BlackTeamCountry "SVK"]

1. e4 c5 2. Nf3 g6 3. d4 cxd4 4. Nxd4 Bg7 5. c4 Nc6 6. Be3 Nf6 7. Nc3 d6 8. f3 0-0 9. Qd2 Nxd4 10. Bxd4 Be6 11. Rc1 Qa5 12. Be2 Rfc8 13. b3 a6 14. Be3 b5 15. Nd5 Qxd2+ 16. Kxd2 Bxd5 17. cxd5 Nd7 18. Rc6 Rxc6 19. dxc6 Nc5 20. Rc1 b4 21. Bxc5 dxc5 22. Rxc5 Bh6+ 23. Kc2 Bf4 24. e5 Be3 25. Ra5 Rc8 26. Rxa6 Bf4 27. e6 fxe6 28. h3 Rd8 29. Bd3 Kf7 30. a3 bxa3 31. Rxa3 Bd6 32. Ra7 Rc8 33. Be4 Ke8 34. Kc3 Kd8 35. b4 Rb8 36. Ra4 Kc7 37. Kc4 Kb6 38. b5 Kc7 39. Ra6 Bg3 40. Ra7+ Kd8 41. Rd7+ Ke8 42. h4 Bf2 43. c7 Rc8 44. Rd8+ Rxd8 45. Bc6+ 1-0

[Event "SVK-chT2D 2223"]
[Site "Slovakia"]
[Date "2022.11.12"]
[Round "3.2"]
[White "Balazs, Ladislav"]
[Black "Elias, David"]
[Result "1/2-1/2"]
[WhiteElo "2030"]
[BlackElo "2008"]
[PlyCount "92"]
[EventDate "2022.10.08"]
[EventType "team-tourn"]
[EventRounds "11"]
[EventCountry "SVK"]
[SourceTitle "EXT 2024"]
[Source "ChessBase"]
[SourceDate "2023.10.10"]
[SourceVersion "1"]
[SourceVersionDate "2023.10.10"]
[SourceQuality "1"]
[WhiteTeam "Moldava nad Bodvou"]
[BlackTeam "Sabinov"]
[WhiteTeamCountry "SVK"]
[BlackTeamCountry "SVK"]

1. e4 c5 2. Nf3 d6 3. Bb5+ Bd7 4. Bxd7+ Qxd7 5. 0-0 Nc6 6. Re1 g6 7. c3 Bg7 8. d4 cxd4 9. cxd4 Nf6 10. d5 Nb4 11. Nc3 0-0 12. h3 Rfc8 13. Nd4 Rc4 14. Be3 Rac8 15. f3 Qd8 16. a3 Na6 17. Ndb5 Nh5 18. g4 Nf6 19. Nxa7 Ra8 20. Qb3 Rc7 21. Ncb5 Rd7 22. Qc2 Ne8 23. Rac1 Qb8 24. b4 Nac7 25. a4 e6 26. Bb6 exd5 27. exd5 Nxd5 28. a5 Be5 29. Qb3 Nf4 30. Rc8 Nxh3+ 31. Kg2 Nf4+ 32. Kf1 Qxc8 33. Nxc8 Rxc8 34. Qa4 Nf6 35. Nc7 Rdxc7 36. Bxc7 Rxc7 37. g5 N6d5 38. Qe8+ Kg7 39. Rxe5 dxe5 40. Qxe5+ Kf8 41. Qd6+ Kg8 42. b5 Rc1+ 43. Kf2 Rc2+ 44. Kg1 Rc1+ 45. Kh2 Rc2+ 46. Kh1 Rc1+ 1/2-1/2

[Event "Kezmarok op"]
[Site "Kezmarok"]
[Date "2022.09.26"]
[Round "4"]
[White "Elias, David"]
[Black "Bazakutsa, Svyatoslav"]
[Result "0-1"]
[WhiteElo "1988"]
[BlackElo "2182"]
[PlyCount "63"]
[EventDate "2022.09.24"]
[EventType "swiss"]
[EventRounds "9"]
[EventCountry "SVK"]
[SourceTitle "CBM 210 Extra"]
[Source "ChessBase"]
[SourceDate "2022.11.30"]
[SourceVersion "1"]
[SourceVersionDate "2022.11.30"]
[SourceQuality "1"]

1. d4 Nf6 2. c4 g6 3. Nc3 Bg7 4. e4 d6 5. Nf3 0-0 6. Be2 e5 7. d5 a5 8. Bg5 h6 9. Be3 Ng4 10. Bd2 f5 11. exf5 gxf5 12. h3 Nf6 13. Qc1 f4 14. g3 e4 15. Nh4 e3 16. fxe3 fxg3 17. Ng6 Re8 18. Qc2 Na6 19. Rg1 Nb4 20. Qb1 Ne4 21. Nxe4 Bf5 22. Bxb4 Bxg6 23. Bd2 Qh4 24. Bd3 Rxe4 25. Qc2 g2+ 26. Kd1 Qf2 27. Bxe4 Qxg1+ 28. Be1 Bxe4 29. Qxe4 Qxe1+ 30. Kxe1 g1Q+ 31. Ke2 Qxa1 32. Qe6+ 0-1

[Event "SVK-chT1E 2122"]
[Site "Slovakia"]
[Date "2022.04.24"]
[Round "9.3"]
[White "Elias, David"]
[Black "Pacher, Milan"]
[Result "0-1"]
[WhiteElo "1841"]
[BlackElo "2394"]
[PlyCount "74"]
[EventDate "2022.01.29"]
[EventType "team-tourn"]
[EventRounds "11"]
[EventCountry "SVK"]
[SourceTitle "EXT 2024"]
[Source "ChessBase"]
[SourceDate "2023.10.10"]
[SourceVersion "1"]
[SourceVersionDate "2023.10.10"]
[SourceQuality "1"]
[WhiteTeam "Sabinov"]
[BlackTeam "Dunajov Inbest"]
[WhiteTeamCountry "SVK"]
[BlackTeamCountry "SVK"]

1. Nf3 d5 2. c4 d4 3. b4 f6 4. e3 e5 5. Nxe5 fxe5 6. Qh5+ Kd7 7. Qf5+ Ke7 8. Qxe5+ Be6 9. Qxd4 Nc6 10. Qb2 Kf7 11. a3 Nf6 12. Nc3 Ne5 13. Ne4 Nd3+ 14. Bxd3 Qxd3 15. Ng5+ Ke7 16. Nxe6 Kxe6 17. Qd4 Qxd4 18. exd4 c6 19. 0-0 a5 20. Re1+ Kd7 21. Rb1 axb4 22. axb4 b5 23. d3 Bd6 24. Bg5 Rhe8 25. Kf1 Ra4 26. Rxe8 Nxe8 27. Bd2 Nc7 28. g3 Ra2 29. Ke1 Ne6 30. Bc3 Rc2 31. Rb3 Rxc3 32. Rxc3 Bxb4 33. Kd2 Nxd4 34. h4 h5 35. f3 Ke6 36. g4 Ke5 37. Ke3 Bxc3 0-1

[Event "Skalica op"]
[Site "Skalica"]
[Date "2021.08.29"]
[Round "9"]
[White "Nagyova, Daniela"]
[Black "Elias, David"]
[Result "1-0"]
[WhiteElo "1729"]
[BlackElo "1920"]
[PlyCount "83"]
[EventDate "2021.08.21"]
[EventType "swiss"]
[EventRounds "9"]
[EventCountry "SVK"]
[SourceTitle "CBM 204 Extra"]
[Source "ChessBase"]
[SourceDate "2021.11.30"]
[SourceVersion "1"]
[SourceVersionDate "2021.11.30"]
[SourceQuality "1"]

1. e4 c5 2. Nf3 d6 3. d4 cxd4 4. Nxd4 Nf6 5. Nc3 Nc6 6. Bc4 e6 7. Be3 a6 8. Qe2 Bd7 9. Bb3 Qc7 10. 0-0-0 b5 11. f3 Ne5 12. Bg5 b4 13. Nd5 exd5 14. exd5 Be7 15. f4 Ng6 16. h4 h5 17. Bxf6 gxf6 18. Qf2 a5 19. Nc6 a4 20. Bc4 b3 21. Qd4 Bxc6 22. dxc6 Qxc6 23. Rhe1 Kf8 24. Rd2 bxa2 25. Bxa2 a3 26. b4 Qb5 27. g3 Rb8 28. Re3 Qxb4 29. Qd5 Rh7 30. Rb3 Qc5 31. Rxb8+ Kg7 32. Qxf7+ Kh6 33. Qb3 f5 34. Rb5 Qc8 35. Qxa3 Bf6 36. Qb3 Re7 37. Rd1 Qe8 38. Rxf5 Bg7 39. Qd5 Ne5 40. fxe5 Bxe5 41. Qd2+ Kh7 42. Qg5 1-0